1319 1200 1414 1936 1952 1358 1284 1348 1892 1793 1309 1277 1296 1607 1776 1207 1547 1837 1333 1276 1917 1843 1043 1400 1069 1152 1837 1125 1396 1195 1091 1266 1810 1600 1876 1428 1511 1994 1462 1488 1586 1910 1070 1554 1768 1639 1152 1499 1008 1105 1976 1677 1804 1040 1063 1797 1169 1071 1742 1708 1375 1370 1252 1489 1968 1145 1127 1429 1492 1197 1998 1204 1700 1407 1901 1952 1461 1803 1190 1973 1886 1101 1940 1945 2000 1988 1134 1164 1467 1276 1686 1643 1550 1859 1737 1899 1950 1635 1531 BCNSPRNW ULIB Ver.6.0+V

เปลี่ยนเป็นภาษาไทย

Change to English
 แสดงรายละเอียดบรรณานุกรม
  กลับหน้าหลัก

Brief Record : Get Marc (ISO 2709) : E-mail record : QR code < ปิดหน้าต่าง
LEADER : 00000nam 2200000uu 4500
001    13399111482
003     ULIB
008    110628s2543||||th 000 0 tha d
020    9748314901
050 04 BQ4570^bป384ป 2543
100 0  ประเวศ วะสี,^d2474-
245 10 เป็นเมืองพุทธทำไมทรุดลง :^bพุทธธรรมกับสังคม เล่ม 1 /^cประเวศ วะสี
250    พิมพ์ครั้งที่ 25
260    กรุงเทพฯ :^bหมอชาวบ้าน,^c2543
300    118 หน้า
500    พิมพ์ครั้งที่ 5, 25 ปี พ.ศ. เดียวกัน
650  7 พุทธศาสนากับสังคม
650  7 ไทย^xภาวะสังคม
945    ^p45^l0^i019554
995    ทศพร
999 ^a ใช้งานได้ทุกระบบ
รายการนี้ยังไม่มีแท็ก
คุณยังไม่ได้ล็อกอิน คุณสามารถมีกิจกรรมร่วมกับเว็บไซต์ได้ แต่ต้องล็อกอินก่อน ::
  ล็อกอิน

รายการสื่อสารสนเทศ

ลำดับที่ ประเภท เลขเรียก/บาร์โค้ด สถานที่ สถานะ
- ไม่พบข้อมูล -

รายการใกล้เคียง
    หัวเรื่อง [พุทธศาสนากับสังคม]

BibComment


ยังไม่เคยถูกคอมเมนท์

คอมเมนท์ทรัพยากรรายการนี้
  คอมเมนท์: เป็นเมืองพุทธทำไม..


 Copyright 2026. Bcnsprnw @Library